000 00210nam a22000857a 4500
008 161213b xxu||||| |||| 00| 0 eng d
100 _92033
_aVerm.S.etal
245 _aMathematics-6
260 _aNew Delhi
_bPrachi
_c2010
999 _c4908
_d4908